Statistics for Border Crossings Quiz #2

Click here to take the quiz!

General Stats

  • This quiz has been taken 59,330 times
  • The average score is 20 of 24

Answer Stats

Start InGo...New Country% Correct
CanadaSouthUnited States
100%
SwedenEastFinland
95%
SpainWestPortugal
93%
IraqEastIran
92%
North KoreaSouthSouth Korea
92%
YemenNorthSaudi Arabia
91%
AndorraNorthFrance
88%
San MarinoAny DirectionItaly
87%
NetherlandsEastGermany
86%
Papua New GuineaWestIndonesia
85%
TunisiaWestAlgeria
85%
KazakhstanNorthRussia
85%
ParaguaySouthArgentina
84%
North MacedoniaSouthGreece
83%
EcuadorSouthPeru
82%
BhutanSouthIndia
81%
ChadNorthLibya
80%
BangladeshNorthIndia
80%
LiechtensteinWestSwitzerland
79%
KuwaitSouthSaudi Arabia
77%
PanamaEastColombia
74%
IsraelWestEgypt
72%
GambiaAny DirectionSenegal
69%
TogoWestGhana
66%

Score Distribution

Percentile by Number Answered

Percent of People with Each Score

Your Score History

You have not taken this quiz